| 000 | 00509nam a2200193 a 4500 | ||
|---|---|---|---|
| 001 | 1770451648194 | ||
| 003 | YourLibrary | ||
| 005 | 20260207134015.0 | ||
| 008 | 260207s2009##################000#0#eng## | ||
| 020 | _a9780521897884 | ||
| 082 | 0 | 4 |
_a332.632 _bMOU |
| 100 | 1 |
_aMounfield, Craig, _eauthor. |
|
| 245 | 1 | 0 | _aSynthetic CDOs : |
| 260 |
_bCambridge University Press, _c2009. |
||
| 300 | _a386 pages | ||
| 650 | 0 | _aBusiness & Economics. | |
| 942 | _cENGLISH | ||
| 040 |
_aYourLibrary _beng _cYourLibrary |
||
| 999 |
_c610800 _d610800 |
||